000 01216nam a22002411i 4500
001 000030298
003 RuMoIPM
005 20260414132106.0
008 130416s1967----ur | c rus d
040 _aRuMoIPM
_brus
_ercr
041 0 _arus
080 _a514.742.4(07)
245 1 _aЧ. 2 : Векторный анализ и теория поля. Специальные функции. Методы математической физики
_b(Интегральные уравнения, краевые задачи, устойчивость движения)
_cА. М. Колобов, Л. П. Черенкова
260 _c1967
300 _a296 с.
_bил.
500 _aНа пер. авт. не указаны
500 _aАвт. ч. 1: А.М. Колобов
504 _aПредм. указатель: с. 291-293
504 _aБиблиогр. в конце гл.
700 1 _aЧеренкова, Людмила Павловна
773 1 8 _aКолобов, Александр Михайлович
_dМинск: Высшая школа, 1965-
_tИзбранные главы высшей математики: [учебное пособие для вузов]
_w000030308
942 _cBK
999 _c30298
_d30298